000 01113nmm a2200313 a 4500
001 ocm0002146940
003 TR-IsHL
005 20201028181937.0
008 190120s2015 tu ara
007 cr cn
020 _a9786054535361
035 _a2146940
_b(N$T)
050 0 4 _aPJ6233
_b.M35 2015
090 0 4 _aPJ6233
_b.M35 2015
100 1 _aMaksudoğlu, Mehmet
245 1 0 _aArapça dilbilgisi: sarf-nahiv
_h[electronic resource] /
_cMehmet Maksudoğlu ; yayına hazırlayan Muhammed Ağırakça
250 _aYenilenmiş 23. Baskı
260 _aİstanbul :
_bAkdem Yayınları,
_c2015
300 _a411 p.
650 4 _aDil ve Edebiyat
650 4 _aLanguage and Literature
650 0 _aArap Dili
_x Gramer
650 0 _aArabic Language
_x Grammar
650 0 _aArap Dili
_x Gramer
_x Eğitim ve Öğretim
650 0 _aArabic Language
_x Grammar
_x Study and Teaching
650 7 _aLANGUAGE ARTS & DISCIPLINES / Reading Skills
_2bisacsh
700 1 _aAğırakça, Muhammed
856 4 0 _uhttp://search.ebscohost.com/login.aspx?direct=true&scope=site&db=e011xww&AN=2146940
999 _c19840
_d19840